000 00603nam a2200229Ia 4500
003 OSt
005 20220918200401.0
006 a|||||r|||| 00| 0
007 ta
008 220917b |||||||| |||| 00| 0 eng d
024 _a88,556
037 _cTextual
040 _aARTS
_cARTS
_beng
041 _2eng
_aeng
082 _aT4, J9
100 _aJaspers Karl
_941923
245 0 _aIdea of the university ed by Karl Deutch tr by H A T Reiche nd R F Vanderschmidt
260 _c1959
650 _aHIGHER EDUCATION
942 _hT4, J9
_cTEXL
_2CC
999 _c212244
_d212244